[Event "Finale kadetskih liga-kadetkinje 2016."]
[Site "Djurdjevac"]
[Date "2016.12.27"]
[Round "1.11"]
[White "Blazeka, Mihaela"]
[Black "Koksa, Jelena"]
[Result "1-0"]
[WhiteElo "1983"]
[BlackElo "1461"]
[PlyCount "106"]
[EventDate "2016.12.27"]

1. d4 d5 2. c4 c6 3. Nf3 Nf6 4. Nc3 e6 5. e3 Nbd7 6. Qc2 Be7 7. b3 b6 8. Bd3 h6
9. Bb2 Bb7 10. O-O O-O 11. Rad1 Qc7 12. Ne5 Nxe5 13. dxe5 Ng4 14. h3 Nxe5 15.
Bh7+ Kh8 16. cxd5 cxd5 17. Nxd5 Qxc2 18. Bxc2 Bxd5 19. Bxe5 Rac8 20. Bd3 Rfd8
21. f3 Bb7 22. Kf2 Bd6 23. Bd4 Bb4 24. Bc4 Bd5 25. Bd3 Bc3 26. Rc1 Bxd4 27.
exd4 Bb7 28. Ke3 Rxc1 29. Rxc1 Rc8 30. Rxc8+ Bxc8 31. d5 exd5 32. Kd4 Be6 33.
Ke5 Kg8 34. f4 Bc8 35. Kd6 g6 36. g4 h5 37. f5 hxg4 38. hxg4 gxf5 39. gxf5 Kg7
40. Kc7 Bxf5 41. Bxf5 Kf6 42. Bd3 Ke5 43. Kb7 f5 44. Kxa7 f4 45. Kxb6 Kd4 46.
Bf1 Ke3 47. Kb5 d4 48. Kc4 f3 49. a4 Kf2 50. Bd3 Ke1 51. Kxd4 f2 52. a5 f1=Q
53. Bxf1 Kxf1 1-0

[Event "Finale kadetskih liga-kadetkinje 2016."]
[Site "Djurdjevac"]
[Date "2016.12.27"]
[Round "1.12"]
[White "Bevanda, Ema"]
[Black "Trgovac, Marta"]
[Result "1-0"]
[WhiteElo "1552"]
[BlackElo "1370"]
[PlyCount "71"]
[EventDate "2016.12.27"]

1. c4 c5 2. e3 d6 3. d4 cxd4 4. exd4 Nf6 5. Nf3 e6 6. Nc3 Be7 7. Bd3 O-O 8. Bf4
d5 9. c5 Nc6 10. Rc1 b6 11. Nb5 Ne8 12. O-O Bb7 13. Qc2 h6 14. Rfe1 Nb4 15.
Bh7+ Kh8 16. Qb3 Nxa2 17. Qxa2 Kxh7 18. Nxa7 bxc5 19. dxc5 Bc8 20. Qb1+ Kg8 21.
Nb5 Ra5 22. Nfd4 Ra6 23. Qc2 f6 24. Be3 e5 25. Nb3 Bd7 26. Qd3 Bc8 27. Red1 Bb7
28. Rd2 d4 29. Qg6 Kh8 30. Rd3 Qd7 31. Bxh6 Qxb5 32. Rh3 Kg8 33. Bxg7 Nxg7 34.
Rh7 Rf7 35. Qh6 Qc6 36. Rh8# 1-0

[Event "Finale kadetskih liga-kadetkinje 2016."]
[Site "Djurdjevac"]
[Date "2016.12.27"]
[Round "1.13"]
[White "Trgovac, Mira"]
[Black "Bevanda, Lorena"]
[Result "1-0"]
[WhiteElo "1305"]
[BlackElo "1353"]
[PlyCount "115"]
[EventDate "2016.12.27"]

1. d4 d5 2. c4 c6 3. cxd5 cxd5 4. Nc3 Nf6 5. Bf4 Bf5 6. e3 e6 7. Bb5+ Nbd7 8.
a3 Qa5 9. Qa4 Qxa4 10. Bxa4 a6 11. Nf3 Rc8 12. Nh4 Bg6 13. Kd2 b5 14. Bd1 b4
15. axb4 Bxb4 16. f3 a5 17. Ba4 O-O 18. Nxg6 hxg6 19. Bxd7 Nxd7 20. Rhc1 Rc6
21. Kd1 Rfc8 22. Na2 f6 23. Nxb4 axb4 24. Rxc6 Rxc6 25. Ra4 g5 26. Bg3 Rb6 27.
b3 Rb7 28. Be1 e5 29. Rxb4 Rxb4 30. Bxb4 Kf7 31. Kd2 Ke6 32. Bc5 Nxc5 33. dxc5
Kd7 34. Kd3 Kc6 35. b4 f5 36. g3 e4+ 37. fxe4 fxe4+ 38. Kd4 g4 39. Ke5 g6 40.
Kd4 g5 41. Ke5 Kb5 42. Kxd5 Kxb4 43. c6 Kc3 44. Kxe4 Kd2 45. c7 Ke2 46. c8=Q
Kf2 47. Qxg4 Kg2 48. Qf3+ Kxh2 49. Qf2+ Kh3 50. g4 Kxg4 51. Qf5+ Kh4 52. Kf3
Kh5 53. e4 Kh6 54. Kg4 Kg7 55. Kxg5 Kg8 56. Qf6 Kh7 57. Qe7+ Kg8 58. Kg6 1-0

[Event "Finale kadetskih liga-kadetkinje 2016."]
[Site "Djurdjevac"]
[Date "2016.12.27"]
[Round "1.21"]
[White "Dejanovic, Tereza"]
[Black "Dasic, Jelena"]
[Result "1-0"]
[WhiteElo "1831"]
[BlackElo "1722"]
[PlyCount "99"]
[EventDate "2016.12.27"]

1. e4 c5 2. c3 d5 3. exd5 Qxd5 4. d4 Nc6 5. Nf3 e5 6. dxe5 Qxd1+ 7. Kxd1 Bg4 8.
Be2 O-O-O+ 9. Ke1 Bxf3 10. Bxf3 Nxe5 11. Be2 Nf6 12. Bg5 Be7 13. Nd2 Rhe8 14.
Nf3 Nfg4 15. Nxe5 Nxe5 16. Be3 a6 17. Rd1 c4 18. Rxd8+ Rxd8 19. Bd4 Bf6 20. f4
Ng6 21. Bxf6 gxf6 22. Bxc4 Nxf4 23. g3 Nd3+ 24. Bxd3 Rxd3 25. Rf1 Rd6 26. Rf5
Kd7 27. Rh5 Ke7 28. Rxh7 Rb6 29. b3 Rc6 30. Kd2 Rd6+ 31. Kc2 Re6 32. Rh8 Re2+
33. Kb1 Re1+ 34. Kb2 Re2+ 35. Ka3 Re6 36. g4 Rb6 37. h4 Rb5 38. Rb8 f5 39. gxf5
Kf6 40. c4 Rb6 41. Rf8 Kg7 42. Rd8 Kf6 43. Rd5 Kg7 44. c5 Rb5 45. Ka4 Kh6 46.
b4 Kh5 47. Rd4 b6 48. c6 Re5 49. c7 Re8 50. Rd8 1-0

[Event "Finale kadetskih liga-kadetkinje 2016."]
[Site "Djurdjevac"]
[Date "2016.12.27"]
[Round "1.22"]
[White "Vujic, Agata"]
[Black "Muha, Magdalena"]
[Result "0-1"]
[WhiteElo "1574"]
[BlackElo "1670"]
[PlyCount "64"]
[EventDate "2016.12.27"]

1. e4 e6 2. d4 d5 3. e5 c5 4. c3 Nc6 5. Nf3 Bd7 6. Be2 Nge7 7. dxc5 Ng6 8. b4
Ncxe5 9. Nxe5 Nxe5 10. O-O Be7 11. f4 Nc6 12. Be3 Bf6 13. Qd2 Nxb4 14. Na3 Nc6
15. Nb5 O-O 16. Rab1 Na5 17. Nd6 Bc6 18. f5 e5 19. Bh5 Be7 20. Nxf7 Rxf7 21.
Bxf7+ Kxf7 22. g4 Nc4 23. Qf2 Nxe3 24. Qxe3 Qf8 25. Qxe5 Bxc5+ 26. Kg2 d4+ 27.
Kh3 Re8 28. Qf4 Re3+ 29. Kh4 Be7+ 30. f6 Bxf6+ 31. Qg5 Bf3 32. Rxb7+ Kg8 0-1

[Event "Finale kadetskih liga-kadetkinje 2016."]
[Site "Djurdjevac"]
[Date "2016.12.27"]
[Round "1.23"]
[White "Randic, Petra"]
[Black "Zuteg, Dorotea"]
[Result "1/2-1/2"]
[WhiteElo "1483"]
[BlackElo "1525"]
[PlyCount "64"]
[EventDate "2016.12.27"]

1. e4 c5 2. Nf3 e6 3. d4 cxd4 4. Nxd4 Nc6 5. Nc3 a6 6. Be3 Qc7 7. f3 Nf6 8. Qd2
Be7 9. O-O-O d6 10. g4 h6 11. h4 Bd7 12. Bg2 O-O-O 13. Nb3 Ne5 14. Qf2 Nc4 15.
Bf1 Nxe3 16. Qxe3 Bc6 17. Nd4 d5 18. Nxc6 Qxc6 19. exd5 Nxd5 20. Nxd5 Rxd5 21.
Rxd5 Qxd5 22. Qc3+ Qc5 23. Qxc5+ Bxc5 24. Bd3 g6 25. h5 g5 26. Re1 Kd7 27. Be4
Kc7 28. c3 a5 29. Rd1 Rf8 30. Bc2 Kc6 31. Be4+ Kc7 32. Bb1 Kc6 1/2-1/2

[Event "Finale kadetskih liga-kadetkinje 2016."]
[Site "Djurdjevac"]
[Date "2016.12.28"]
[Round "2.11"]
[White "Koksa, Jelena"]
[Black "Dasic, Jelena"]
[Result "0-1"]
[WhiteElo "1461"]
[BlackElo "1722"]
[PlyCount "128"]
[EventDate "2016.12.27"]

1. e4 c5 2. Nf3 e6 3. d4 cxd4 4. Nxd4 a6 5. c4 Nf6 6. Nc3 Bb4 7. Qd3 Qc7 8. a3
Bxc3+ 9. bxc3 d6 10. Be2 Nbd7 11. f4 b6 12. Bf3 Bb7 13. Qe2 Rc8 14. e5 Bxf3 15.
Nxf3 dxe5 16. fxe5 Ng4 17. h3 Ngxe5 18. Nxe5 Qxe5 19. Qxe5 Nxe5 20. O-O Rxc4
21. Be3 b5 22. Bd4 Nd7 23. Bxg7 Rg8 24. Bd4 e5 25. Rfe1 f6 26. Rad1 Kf7 27. Bf2
Nf8 28. Re3 Ra4 29. Ra1 Ne6 30. Rd3 Nf4 31. Rd7+ Kg6 32. Kf1 Rc8 33. Be1 Ne6
34. Rd3 Nc5 35. Re3 Ne4 36. Ke2 Nd6 37. Rd3 Nc4 38. Bd2 Rxa3 39. Rxa3 Nxa3 40.
Bc1 Nc4 41. Rg3+ Kf7 42. Rd3 Ke6 43. Kd1 a5 44. Kc2 a4 45. Kb1 h5 46. Rg3 Rd8
47. Kc2 a3 48. Kb3 Rd1 49. Bxa3 Ra1 50. Bb4 Rb1+ 51. Kc2 Rb2+ 52. Kc1 Rf2 53.
Bc5 Rf1+ 54. Kc2 Kd5 55. Bb4 e4 56. Rg8 e3 57. Re8 Ne5 58. Rb8 Rf2+ 59. Kb3 Ke4
60. Bc5 Rxg2 61. Ra8 e2 62. Ra1 Nd3 63. Bd4 f5 64. Bf2 Rxf2 0-1

[Event "Finale kadetskih liga-kadetkinje 2016."]
[Site "Djurdjevac"]
[Date "2016.12.28"]
[Round "2.12"]
[White "Vujic, Agata"]
[Black "Bevanda, Ema"]
[Result "1-0"]
[WhiteElo "1574"]
[BlackElo "1552"]
[PlyCount "91"]
[EventDate "2016.12.27"]

1. e4 e5 2. Nf3 Nc6 3. Bc4 Nf6 4. Ng5 d5 5. exd5 Na5 6. Bb5+ c6 7. dxc6 bxc6 8.
Be2 h6 9. Nf3 e4 10. Ne5 Qd5 11. Ng4 Bxg4 12. Bxg4 Qg5 13. Bh3 Bd6 14. d3 Qe5
15. Nc3 exd3+ 16. Be3 dxc2 17. Qxc2 Nc4 18. Qe2 O-O 19. Qxc4 Nd5 20. Nxd5 cxd5
21. Qd4 Qe7 22. O-O Rfd8 23. Rfe1 Qc7 24. g3 Be5 25. Qd2 Qb7 26. Bd4 Bd6 27. a3
Rab8 28. b4 Bf8 29. Qc3 Qa6 30. Qc7 Ra8 31. Qe5 Qb5 32. Bg2 a6 33. Rec1 Rd7 34.
Rc5 Qa4 35. Rxd5 Rxd5 36. Bxd5 Re8 37. Qf5 Re7 38. Bc5 Rd7 39. Bxf8 Kxf8 40.
Rc1 g6 41. Rc8+ Kg7 42. Qe5+ f6 43. Rg8+ Kh7 44. Qd4 Qxa3 45. Qxf6 Qc1+ 46. Kg2
1-0

[Event "Finale kadetskih liga-kadetkinje 2016."]
[Site "Djurdjevac"]
[Date "2016.12.28"]
[Round "2.13"]
[White "Bevanda, Lorena"]
[Black "Zuteg, Dorotea"]
[Result "1-0"]
[WhiteElo "1353"]
[BlackElo "1525"]
[PlyCount "109"]
[EventDate "2016.12.27"]

1. d4 e6 2. Nf3 c5 3. c3 d5 4. Bf4 Nc6 5. e3 Bd7 6. Nbd2 Qb6 7. Qb3 Nf6 8. h3
Be7 9. Be2 O-O 10. Qc2 h6 11. O-O cxd4 12. exd4 Rac8 13. Qb3 Qxb3 14. axb3 a6
15. Bd3 Ne8 16. Rfe1 Bd6 17. Ne5 Nxe5 18. Bxe5 f6 19. Bxd6 Nxd6 20. Re3 Rce8
21. Rae1 Re7 22. Nf3 g5 23. c4 dxc4 24. bxc4 Kf7 25. b3 Rfe8 26. g4 Bc6 27. d5
exd5 28. Bg6+ Kxg6 29. Rxe7 Rxe7 30. Rxe7 dxc4 31. Nd4 cxb3 32. Nxb3 Nc4 33.
Nd4 Bd5 34. Nf5 Bf7 35. Rxb7 Ne5 36. Ra7 h5 37. Ne7+ Kh6 38. gxh5 Bxh5 39. Rxa6
Kg7 40. Ra7 Kh6 41. Kg2 Bf3+ 42. Kg3 Bh5 43. f4 gxf4+ 44. Kxf4 Ng6+ 45. Kf5
Nxe7+ 46. Rxe7 Bg6+ 47. Kxf6 Bh5 48. h4 Bg6 49. Re6 Kh5 50. Kg7 Bd3 51. Rh6+
Kg4 52. h5 Kg5 53. Rh8 Bf5 54. h6 Bg6 55. h7 1-0

[Event "Finale kadetskih liga-kadetkinje 2016."]
[Site "Djurdjevac"]
[Date "2016.12.28"]
[Round "2.14"]
[White "Obajdin, Jasna"]
[Black "Plazek, Lana"]
[Result "1-0"]
[WhiteElo "1421"]
[BlackElo "1301"]
[PlyCount "101"]
[EventDate "2016.12.27"]

1. d4 d5 2. Nf3 Nf6 3. Bf4 Bf5 4. e3 e6 5. c3 Be7 6. h3 h6 7. Nh4 Bh7 8. Be5
Nbd7 9. Nf3 O-O 10. Bd3 Ne4 11. O-O Bf6 12. Qc2 Be7 13. Nbd2 f5 14. c4 c6 15.
Rac1 Rc8 16. Bf4 Ndf6 17. Bxe4 dxe4 18. Ne5 Nh5 19. Bh2 c5 20. Nb3 Bd6 21. Rfd1
Qe7 22. dxc5 Bxc5 23. Rd7 Qf6 24. Rxb7 f4 25. Nd7 Qf5 26. Nxf8 Kxf8 27. Nxc5
Rxc5 28. Qd2 Qf6 29. Qd6+ Kg8 30. Qb8+ Qf8 31. Qxf8+ Kxf8 32. Rxa7 e5 33. Rd1
Bg6 34. b3 Rc8 35. a4 Rb8 36. Rb1 Ke8 37. b4 Bf7 38. c5 Rd8 39. Kf1 Ba2 40. Rc1
Rd2 41. c6 Be6 42. b5 f3 43. gxf3 exf3 44. c7 Ng3+ 45. Bxg3 Bxh3+ 46. Kg1 Bc8
47. b6 Rb2 48. b7 Kd7 49. b8=Q Rxb8 50. cxb8=Q+ Ke6 51. Qxe5# 1-0

[Event "Finale kadetskih liga-kadetkinje 2016."]
[Site "Djurdjevac"]
[Date "2016.12.28"]
[Round "2.21"]
[White "Blazeka, Mihaela"]
[Black "Dejanovic, Tereza"]
[Result "1-0"]
[WhiteElo "1983"]
[BlackElo "1831"]
[PlyCount "61"]
[EventDate "2016.12.27"]

1. d4 d5 2. c4 e6 3. Nc3 Nf6 4. cxd5 exd5 5. Bg5 Nbd7 6. e3 c6 7. Bd3 Be7 8.
Qc2 O-O 9. h3 Re8 10. Nf3 Nf8 11. O-O Nh5 12. Bxe7 Qxe7 13. Rab1 Nf6 14. b4 Be6
15. Na4 Rec8 16. Nc5 Rab8 17. Rfc1 N8d7 18. Ne5 h6 19. Nxe6 Qxe6 20. f4 Nxe5
21. Bf5 Qe8 22. fxe5 Nd7 23. Qe2 Rd8 24. b5 cxb5 25. Rc7 Nb6 26. Qg4 Nc8 27.
Rxf7 Qxf7 28. Be6 Ne7 29. Bxf7+ Kxf7 30. Rf1+ Kg8 31. Rf3 1-0

[Event "Finale kadetskih liga-kadetkinje 2016."]
[Site "Djurdjevac"]
[Date "2016.12.28"]
[Round "2.22"]
[White "Muha, Magdalena"]
[Black "Trgovac, Marta"]
[Result "1-0"]
[WhiteElo "1670"]
[BlackElo "1370"]
[PlyCount "49"]
[EventDate "2016.12.27"]

1. d4 Nf6 2. c4 g6 3. g3 Bg7 4. Bg2 O-O 5. Nc3 d6 6. e4 e5 7. Nge2 Ne8 8. O-O
f5 9. dxe5 Bxe5 10. Bf4 Bg7 11. c5 Qe7 12. exf5 Rxf5 13. Qb3+ d5 14. Bxd5+ Rxd5
15. Nxd5 Qe6 16. Rfe1 Kf8 17. Bxc7 Qc6 18. Qf3+ Nf6 19. Bd6+ Kf7 20. Nec3 Bh3
21. Re7+ Kg8 22. Rxg7+ Kxg7 23. Qxf6+ Kh6 24. Bf8+ Kh5 25. Qh4# 1-0

[Event "Finale kadetskih liga-kadetkinje 2016."]
[Site "Djurdjevac"]
[Date "2016.12.28"]
[Round "2.23"]
[White "Trgovac, Mira"]
[Black "Randic, Petra"]
[Result "1/2-1/2"]
[WhiteElo "1305"]
[BlackElo "1483"]
[PlyCount "131"]
[EventDate "2016.12.27"]

1. d4 Nf6 2. c4 g6 3. Nc3 d5 4. Bf4 Bg7 5. Nf3 O-O 6. e3 c5 7. Be2 Nc6 8. dxc5
Qa5 9. O-O dxc4 10. Qa4 Qxc5 11. Qxc4 Qxc4 12. Bxc4 Rd8 13. h3 h6 14. Rac1 Na5
15. Bc7 Nxc4 16. Bxd8 Bxh3 17. Bxe7 Be6 18. Nb5 Ne8 19. b3 Na5 20. Nc7 Nxc7 21.
Rxc7 Rc8 22. Rfc1 Rxc7 23. Rxc7 a6 24. Bb4 b6 25. Kf1 Bf6 26. Bxa5 bxa5 27. Rc6
Kg7 28. Rxa6 Bc3 29. Ke2 Bd7 30. Rd6 Bb5+ 31. Kd1 Bb4 32. Rb6 Bf1 33. g3 Bg2
34. Ne1 Be4 35. Rxb4 axb4 36. Nc2 Kf6 37. Nxb4 Ke6 38. Kd2 Kd6 39. Kc3 Kc5 40.
Nd3+ Kb5 41. Ne5 Bd5 42. a4+ Ka5 43. Nc4+ Ka6 44. b4 h5 45. Kd4 Be6 46. b5+ Ka7
47. Ne5 Kb6 48. Nc4+ Ka7 49. b6+ Kb7 50. a5 g5 51. Ne5 h4 52. gxh4 gxh4 53. Nf3
h3 54. Nh2 Ka6 55. Kc5 Bc8 56. Kc6 Bb7+ 57. Kc7 Bd5 58. f4 f5 59. Kd6 Be4 60.
Kc7 Bb7 61. Nf1 Ba8 62. Nh2 Bg2 63. Kc8 Be4 64. Kc7 Bb7 65. Nf1 Bd5 66. Nh2
1/2-1/2

[Event "Finale kadetskih liga-kadetkinje 2016."]
[Site "Djurdjevac"]
[Date "2016.12.29"]
[Round "3.11"]
[White "Dejanovic, Tereza"]
[Black "Koksa, Jelena"]
[Result "1-0"]
[WhiteElo "1831"]
[BlackElo "1461"]
[PlyCount "111"]
[EventDate "2016.12.27"]

1. e4 e5 2. Nf3 Nc6 3. Bb5 Bc5 4. c3 Nf6 5. d3 d6 6. O-O O-O 7. h3 h6 8. Re1
Bb6 9. Nbd2 Ne7 10. Nf1 c6 11. Ba4 Ng6 12. d4 Qe7 13. Bc2 Be6 14. Ng3 Qc7 15.
Bb3 Bxb3 16. Qxb3 Ne7 17. Be3 Nd7 18. Rad1 Rad8 19. Rd3 exd4 20. cxd4 d5 21. e5
Rfe8 22. Qc2 Nf8 23. Nh2 Qd7 24. Ng4 Nh7 25. Qd2 Nf5 26. Nxf5 Qxf5 27. Bxh6 Ba5
28. Qxa5 Qxd3 29. Be3 Qa6 30. Qxa6 bxa6 31. Rc1 Re6 32. Bd2 Rb8 33. b3 Nf8 34.
Ne3 Nd7 35. f4 Rc8 36. Bb4 g6 37. Ng4 Kg7 38. Nf2 Ree8 39. Nd3 Re6 40. Bc5 Rc7
41. Bd6 Rc8 42. Nb4 a5 43. Rxc6 Rxc6 44. Nxc6 Nb6 45. Nxa5 Nc8 46. Nb7 Nxd6 47.
exd6 Rxd6 48. Nxd6 a6 49. g4 Kf8 50. h4 Ke7 51. Nb7 Kf6 52. a4 Ke6 53. b4 Kd7
54. Nc5+ Kc6 55. h5 gxh5 56. gxh5 1-0

[Event "Finale kadetskih liga-kadetkinje 2016."]
[Site "Djurdjevac"]
[Date "2016.12.29"]
[Round "3.21"]
[White "Dasic, Jelena"]
[Black "Blazeka, Mihaela"]
[Result "0-1"]
[WhiteElo "1722"]
[BlackElo "1983"]
[PlyCount "66"]
[EventDate "2016.12.27"]

1. Nf3 Nf6 2. d4 e6 3. e3 b6 4. Bd3 Bb7 5. Nbd2 c5 6. b3 Nd5 7. c4 Nb4 8. Bb1
d5 9. Bb2 Be7 10. O-O O-O 11. a3 N4c6 12. Qc2 f5 13. cxd5 exd5 14. Ne5 Nd7 15.
Ndf3 Rc8 16. Qd2 g6 17. Ba2 Nf6 18. Rfd1 Qc7 19. Rac1 Rfd8 20. Ng5 Ne4 21. Nxe4
fxe4 22. Qe2 Nxe5 23. dxe5 Qd7 24. f4 exf3 25. gxf3 Qf5 26. f4 d4 27. b4+ Kh8
28. Qf2 Qe4 29. Kf1 dxe3 30. Qg3 e2+ 31. Kf2 e1=Q+ 32. Rxe1 Rd2+ 33. Kf1 Qh1+
0-1

[Event "Finale kadetskih liga-kadetkinje 2016."]
[Site "Djurdjevac"]
[Date "2016.12.29"]
[Round "3.22"]
[White "Trgovac, Marta"]
[Black "Vujic, Agata"]
[Result "0-1"]
[WhiteElo "1370"]
[BlackElo "1574"]
[PlyCount "80"]
[EventDate "2016.12.27"]

1. c4 e5 2. Nc3 Nc6 3. Nf3 f5 4. d3 Nf6 5. e3 Be7 6. Be2 O-O 7. O-O b6 8. a3 a5
9. b3 Bb7 10. Bb2 d6 11. d4 e4 12. Ng5 Qd7 13. d5 Nd8 14. Nh3 Nf7 15. Nf4 Ne5
16. Ne6 Rf7 17. b4 c6 18. Nf4 Nfg4 19. h3 Nf6 20. Na4 Bd8 21. Nc3 Ng6 22. Bh5
Nxh5 23. Nxh5 Ne5 24. Qb3 a4 25. Qa2 Ba6 26. dxc6 Qe6 27. b5 Bc8 28. Nd5 Qh6
29. Nhf4 g5 30. Ne2 Nd3 31. Bd4 f4 32. exf4 gxf4 33. Nxb6 Bxb6 34. Bxb6 f3 35.
Be3 Qh4 36. Ng3 Bxh3 37. b6 Bxg2 38. Rab1 Qh3 39. b7 Rb8 40. c5 Bxf1 0-1

[Event "Finale kadetskih liga-kadetkinje 2016."]
[Site "Djurdjevac"]
[Date "2016.12.29"]
[Round "3.23"]
[White "Zuteg, Dorotea"]
[Black "Trgovac, Mira"]
[Result "1-0"]
[WhiteElo "1525"]
[BlackElo "1305"]
[PlyCount "93"]
[EventDate "2016.12.27"]

1. d4 d5 2. Bg5 Nc6 3. Nf3 Bf5 4. a3 Nf6 5. Bxf6 exf6 6. e3 a6 7. c4 Be7 8. Nc3
dxc4 9. Bxc4 Qd7 10. O-O Bg4 11. b4 O-O 12. Be2 Qf5 13. Nh4 Bxe2 14. Nxf5 Bxd1
15. Nxe7+ Nxe7 16. Rfxd1 Rfd8 17. Rac1 a5 18. b5 c6 19. bxc6 Nxc6 20. Rb1 Rab8
21. Rb6 Rdc8 22. Ne4 Nd8 23. Nc5 Rc6 24. Rb5 b6 25. h3 Rbc8 26. Nd3 Rd6 27.
Rdb1 Rc3 28. R5b3 Rxb3 29. Rxb3 Ne6 30. Rc3 Kf8 31. a4 Ke8 32. Kf1 Kd7 33. Ke2
Rc6 34. Kd2 Ng5 35. f3 Ne6 36. d5 Rxc3 37. dxe6+ fxe6 38. Kxc3 Kd6 39. Kc4 Kc6
40. Nf4 e5 41. Nh5 g6 42. Nxf6 h6 43. Ng4 e4 44. Nxh6 exf3 45. gxf3 g5 46. f4
gxf4 47. exf4 1-0

[Event "Finale kadetskih liga-kadetkinje 2016."]
[Site "Djurdjevac"]
[Date "2016.12.29"]
[Round "3.12"]
[White "Bevanda, Ema"]
[Black "Muha, Magdalena"]
[Result "1-0"]
[WhiteElo "1552"]
[BlackElo "1670"]
[PlyCount "79"]
[EventDate "2016.12.27"]

1. c4 c6 2. e3 d5 3. d4 Nf6 4. Nf3 e6 5. Nc3 Nbd7 6. Bd2 Be7 7. Rc1 dxc4 8.
Bxc4 b5 9. Bd3 Bb7 10. a3 a6 11. b4 O-O 12. O-O a5 13. Ne4 Nd5 14. Qb3 axb4 15.
axb4 Ra4 16. Nc5 Nxc5 17. bxc5 Qa8 18. Bc2 Ra3 19. Qb1 g6 20. Bb3 Qa7 21. Qb2
Ra8 22. Rfe1 Bf8 23. Ne5 Bg7 24. Nd7 Qa6 25. e4 Ne7 26. Bb4 Rxb3 27. Qxb3 Bxd4
28. e5 Rd8 29. Nf6+ Kg7 30. Qg3 Qa4 31. Rb1 Nf5 32. Qg5 Kh8 33. Nh5 Rg8 34.
Qf6+ Ng7 35. Nxg7 Rxg7 36. Bd2 g5 37. Bxg5 Bxc5 38. Bh6 Bf8 39. Bxg7+ Bxg7 40.
Qd8+ 1-0

[Event "Finale kadetskih liga-kadetkinje 2016."]
[Site "Djurdjevac"]
[Date "2016.12.29"]
[Round "3.13"]
[White "Randic, Petra"]
[Black "Bevanda, Lorena"]
[Result "1-0"]
[WhiteElo "1483"]
[BlackElo "1353"]
[PlyCount "123"]
[EventDate "2016.12.27"]

1. e4 e5 2. Nf3 Nc6 3. Bc4 Be7 4. d3 Nf6 5. Be3 d6 6. h3 Na5 7. Bb5+ c6 8. Ba4
b5 9. Bb3 O-O 10. O-O Re8 11. Nc3 a6 12. Bg5 h6 13. Bh4 Nxb3 14. axb3 Bb7 15.
Re1 Qc7 16. Qd2 Nh5 17. Bxe7 Qxe7 18. Ne2 Qf6 19. Nh2 Bc8 20. Rf1 Nf4 21. Nxf4
exf4 22. Rac1 Qg5 23. Nf3 Qg6 24. Qxf4 Bxh3 25. Nh4 Qg4 26. Qxg4 Bxg4 27. f4 g5
28. fxg5 hxg5 29. Nf5 Bxf5 30. Rxf5 Re5 31. Rcf1 Rf8 32. Rf6 Re6 33. R1f5 Kg7
34. Rxe6 fxe6 35. Rxg5+ Kf6 36. Rh5 Rg8 37. Kf2 a5 38. Rh6+ Kf7 39. Rh7+ Rg7
40. Rxg7+ Kxg7 41. Kf3 Kf6 42. Kf4 e5+ 43. Kg4 Kg6 44. g3 c5 45. c4 b4 46. Kh4
Kh6 47. g4 Kg6 48. g5 Kg7 49. Kh5 Kh7 50. g6+ Kg8 51. Kg5 Kg7 52. Kf5 Kf8 53.
Kf6 Ke8 54. g7 Kd7 55. g8=Q Kc7 56. Qf7+ Kb6 57. Ke6 a4 58. Kxd6 a3 59. Qc7+
Ka6 60. Kc6 axb2 61. Qb8 b1=Q 62. Qb6# 1-0